00532nam a2200181 a 45000010010000000030011000100080041000210350026000620820014000881000020001022450025001222600031001476500012001789420012001909520096002029980037002989990015003350000-8979ELIB.Books110520 0000  a(ELIB.Books)0000-9128 a266 bBos aBosch, David J. aTransforming Mission bMaryknoll: Orbis Books c0 aMission 2ddccBK 00102ddc4070aKBTSbKBTSd2011-05-20l0p2455, 2355r2022-01-22 00:00:00w2022-01-22yBK cbate2011-05-20mcatu2019-06-27 c8979d8979